Top 10 French female christian names in 2016 births - Statistics

General Stats
  • This quiz has been taken 30 times
  • The average score is 2 of 10
Answer Stats
Answer % Correct
Marie
80%
Sarah
36%
Julie
28%
Lea
24%
Chloe
20%
Camille
16%
Laura
12%
Mathilde
12%
Pauline
8%
Manon
4%
No matching quizzes found
Score Distribution
Percent of People with Each Score
Percentile by Number Answered
Your Score History
You have not taken this quiz